Budapest és Prága konferenciaturizmusának összehasonlító elemzése

Bibliographic Details
Main Author: Varga Bettina
Other Authors: Nagy Dr Éva
Format: Thesis
Kulcsszavak:Konferenciaturizmus
Hivatásturizmus
MICE
Budapest
Prága
Online Access:http://dolgozattar.uni-bge.hu/2846

MARC

LEADER 00000nta a2200000 i 4500
001 dolg2846
005 20151212125049.0
008 150513suuuu hu om 000 hun d
040 |a BGE Dolgozattár Repozitórium  |b hun 
041 |a hu 
100 1 |a Varga Bettina 
245 1 0 |a Budapest és Prága konferenciaturizmusának összehasonlító elemzése  |c Varga Bettina  |h [elektronikus dokumentum] 
695 |a Konferenciaturizmus 
695 |a Hivatásturizmus 
695 |a MICE 
695 |a Budapest 
695 |a Prága 
700 1 |a Nagy Dr Éva  |e ths 
856 4 0 |u http://dolgozattar.uni-bge.hu/2846/1/Szakdolgozat-Varga%20Bettina.pdf  |z Dokumentum-elérés